[Event "Euskadi-chT (Vasca) Div Honor"]
[Site "Bergara"]
[Date "2018.02.17"]
[Round "6.4"]
[White "Del Rio de Angelis, Salvador Gabriel"]
[Black "Knorr Jarillo, Jose"]
[Result "1-0"]
[WhiteElo "2511"]
[BlackElo "2167"]
[PlyCount "87"]
[EventDate "2018.01.13"]
[EventType "team-tourn"]
[EventRounds "9"]
[EventCountry "ESP"]
[SourceTitle "EXT 2020"]
[Source "ChessBase"]
[SourceDate "2019.10.17"]
[SourceVersion "1"]
[SourceVersionDate "2019.10.17"]
[SourceQuality "1"]
[WhiteTeam "Sestao"]
[BlackTeam "Calasanz"]
[WhiteTeamCountry "ESP"]
[BlackTeamCountry "ESP"]

1. d4 e6 2. c4 f5 3. Nc3 Nf6 4. e3 Bb4 5. Bd2 0-0 6. Bd3 b6 7. Nge2 Bb7 8. 0-0 Kh8 9. f3 c5 10. a3 cxd4 11. exd4 Be7 12. Be3 Na6 13. b4 Nc7 14. Bc2 a5 15. b5 d5 16. c5 bxc5 17. dxc5 e5 18. c6 Bxc6 19. bxc6 d4 20. Bf2 dxc3 21. Bxf5 Nfd5 22. Bd7 Bg5 23. Qd3 c2 24. Qxc2 Ne3 25. Bxe3 Bxe3+ 26. Kh1 Qe7 27. Qd3 Bc5 28. Ng3 Rab8 29. Ne4 Bd4 30. Rab1 h6 31. Rxb8 Rxb8 32. Rb1 Qf8 33. Rb7 Rxb7 34. cxb7 Qb8 35. Qb3 Na6 36. Qe6 Nc5 37. Nxc5 Bxc5 38. Bc8 Bf8 39. Qe8 Qd6 40. h4 Qxa3 41. b8Q Qc1+ 42. Kh2 Qf4+ 43. Kh3 g5 44. Qbxe5+ 1-0

[Event "Euskadi-chT (Vasca) Div 1st"]
[Site "Bergara"]
[Date "2011.02.19"]
[Round "7.1"]
[White "Huerga Leache, Mikel"]
[Black "Knorr Jarillo, Jose"]
[Result "1-0"]
[WhiteElo "2440"]
[BlackElo "2242"]
[PlyCount "49"]
[EventDate "2011.01.08"]
[EventType "team-tourn"]
[EventRounds "9"]
[EventCountry "ESP"]
[SourceTitle "EXT 2024"]
[Source "ChessBase"]
[SourceDate "2023.10.10"]
[SourceVersion "1"]
[SourceVersionDate "2023.10.10"]
[SourceQuality "1"]

1. d4 Nf6 2. c4 e5 3. dxe5 Ng4 4. Nf3 Nc6 5. Bf4 Bb4+ 6. Nbd2 Qe7 7. e3 Ngxe5 8. Nxe5 Nxe5 9. Be2 0-0 10. 0-0 b6 11. Nf3 Bd6 12. Bxe5 Bxe5 13. Qd5 Bxb2 14. Qxa8 Bxa1 15. Rxa1 Qa3 16. Qe4 Qb2 17. Re1 Qxa2 18. Ng5 g6 19. Qe7 Qd2 20. Kf1 Bb7 21. Nxh7 Bxg2+ 22. Kxg2 Qxe1 23. Qxf8+ Kxh7 24. Qxf7+ Kh8 25. Qf6+ 1-0

[Event "Euskadi-ch"]
[Site "Vitoria Gasteiz"]
[Date "2003.04.26"]
[Round "6.4"]
[White "Knorr Jarillo, Jose"]
[Black "Varas Gonzalez, Carlos"]
[Result "1-0"]
[WhiteElo "2218"]
[BlackElo "2254"]
[PlyCount "107"]
[EventDate "2003.04.22"]
[EventType "swiss"]
[EventRounds "7"]
[EventCountry "ESP"]
[SourceTitle "EXT 2004"]
[Source "ChessBase"]
[SourceDate "2003.11.25"]
[SourceVersion "1"]
[SourceVersionDate "2003.11.25"]
[SourceQuality "1"]

1. d4 Nf6 2. c4 e6 3. Nc3 Bb4 4. e3 Nc6 5. Bd3 e5 6. Nge2 d5 7. 0-0 dxc4 8. Bxc4 exd4 9. exd4 0-0 10. Bg5 Be7 11. h3 Nb4 12. a3 Nbd5 13. Qd3 Be6 14. Ng3 Qd7 15. Bb5 c6 16. Ba4 Nb6 17. Bc2 Bc4 18. Qf3 Bxf1 19. Rxf1 Nfd5 20. Qd3 g6 21. Bh6 Rfe8 22. Nce4 Rad8 23. Bb3 Nc7 24. Qf3 Nbd5 25. Nh5 Qf5 26. Qxf5 gxf5 27. Neg3 Nf6 28. Ng7 f4 29. N3f5 Ncd5 30. Re1 Bf8 31. Nxe8 Nxe8 32. Bxd5 Bxh6 33. Nxh6+ Kg7 34. Nf5+ Kf6 35. Be4 Nc7 36. Bc2 Ne6 37. Rd1 Rd5 38. Kf1 Rxf5 39. Bxf5 Kxf5 40. d5 cxd5 41. Rxd5+ Kf6 42. Rd7 Nc5 43. Rc7 b6 44. Rxa7 Ke6 45. b4 Nd7 46. Rb7 Kd6 47. Ke2 Kc6 48. Rxd7 Kxd7 49. a4 Kd6 50. Kd3 Kd5 51. f3 h6 52. Kc3 Kc6 53. Kd4 f5 54. Ke5 1-0

[Event "Euskadi-ch"]
[Site "Euskadi"]
[Date "2000.??.??"]
[Round "3"]
[White "Alvarez Ibarra, Rafael"]
[Black "Knorr Jarillo, Jose"]
[Result "1-0"]
[WhiteElo "2391"]
[BlackElo "2264"]
[PlyCount "79"]
[EventDate "2000.??.??"]
[EventType "swiss"]
[EventRounds "7"]
[EventCountry "ESP"]
[SourceTitle "EXT 2001"]
[Source "ChessBase"]
[SourceDate "2000.11.22"]
[SourceVersion "1"]
[SourceVersionDate "2000.11.22"]
[SourceQuality "1"]

1. d4 Nf6 2. Nf3 e6 3. c4 b6 4. g3 Ba6 5. Nbd2 c5 6. e4 cxd4 7. e5 Ng8 8. Bg2 Bb7 9. 0-0 d6 10. Re1 Nd7 11. exd6 Ngf6 12. Nxd4 Bxg2 13. Nb5 Qc8 14. Kxg2 Qb7+ 15. Nf3 0-0-0 16. b4 a6 17. Nc3 Qc6 18. Bf4 e5 19. b5 Qxd6 20. Nxe5 Nxe5 21. Bxe5 Qxd1 22. Rexd1 Bc5 23. Bxf6 gxf6 24. bxa6 Bd4 25. Rac1 Rhe8 26. Nb5 Bc5 27. Rxd8+ Rxd8 28. Re1 Rg8 29. Rd1 h5 30. a7 Kb7 31. Rd7+ Ka8 32. Rxf7 h4 33. Rxf6 hxg3 34. hxg3 Rd8 35. g4 Rd2 36. g5 Rxa2 37. g6 Rd2 38. g7 Rd8 39. Rg6 Rg8 40. f4 1-0

[Event "Euskadi-ch 13th"]
[Site "Euskadi"]
[Date "1999.??.??"]
[Round "6"]
[White "Arce Balluerca, Oscar"]
[Black "Knorr Jarillo, Jose"]
[Result "0-1"]
[WhiteElo "1860"]
[BlackElo "2215"]
[PlyCount "108"]
[EventDate "1999.??.??"]
[EventType "swiss"]
[EventRounds "7"]
[EventCountry "ESP"]
[SourceTitle "EXT 2000"]
[Source "ChessBase"]
[SourceDate "1999.11.16"]
[SourceVersion "1"]
[SourceVersionDate "1999.11.16"]
[SourceQuality "1"]

1. e4 c5 2. Nf3 a6 3. d4 cxd4 4. Nxd4 Nf6 5. Nc3 e5 6. Nb3 Bb4 7. Bd2 Qc7 8. f3 0-0 9. g4 d5 10. exd5 Rd8 11. Bd3 Bxc3 12. Bxc3 Nxd5 13. Qd2 Nc6 14. 0-0-0 b6 15. Qe1 Nf4 16. Qe4 Nxd3+ 17. Rxd3 Bb7 18. Qc4 Rxd3 19. Qxd3 Rd8 20. Qc4 Qe7 21. Re1 Qg5+ 22. Kb1 h6 23. Qe2 Qf4 24. a3 f6 25. Bd2 Qa4 26. Be3 Nd4 27. Nxd4 exd4 28. Bxh6 Qd7 29. Bd2 Bd5 30. Qe7 Bxf3 31. Qe6+ Kh7 32. g5 Bg4 33. Qxd7 Rxd7 34. Kc1 Kg6 35. Rg1 Bf5 36. Bf4 Rd5 37. gxf6+ Kxf6 38. h4 Rc5 39. Bg5+ Ke5 40. Re1+ Be4 41. Re2 d3 42. Rd2 dxc2 43. Be3 Rc6 44. Bd4+ Kf5 45. Rf2+ Kg6 46. Rf1 Kh6 47. Rf4 Bg6 48. Be3 Kh5 49. Bf2 Rd6 50. Rd4 Rf6 51. Rd2 b5 52. b3 Rf3 53. Kb2 Rc3 54. Rd5+ Kh6 0-1

[Event "Euskadi-ch 13th"]
[Site "Euskadi"]
[Date "1999.??.??"]
[Round "7"]
[White "Knorr Jarillo, Jose"]
[Black "Alias Franco, Ricardo"]
[Result "1/2-1/2"]
[WhiteElo "2215"]
[BlackElo "2210"]
[PlyCount "52"]
[EventDate "1999.??.??"]
[EventType "swiss"]
[EventRounds "7"]
[EventCountry "ESP"]
[SourceTitle "EXT 2000"]
[Source "ChessBase"]
[SourceDate "1999.11.16"]
[SourceVersion "1"]
[SourceVersionDate "1999.11.16"]
[SourceQuality "1"]

1. e4 c5 2. c3 d6 3. d4 Nf6 4. Bd3 cxd4 5. cxd4 g6 6. Nf3 Bg7 7. 0-0 0-0 8. h3 Nc6 9. Nc3 e5 10. Be3 exd4 11. Nxd4 d5 12. Nxc6 bxc6 13. exd5 Nxd5 14. Nxd5 Qxd5 15. Qc2 Rb8 16. Rfd1 Rxb2 17. Qa4 Bf5 18. Bxf5 Qxf5 19. Qxa7 Re8 20. Qd7 Qe4 21. Rac1 Rxa2 22. Rxc6 Ra1 23. Rxa1 Bxa1 24. Rc7 Qe6 25. Qxe6 Rxe6 26. Ra7 Bf6 1/2-1/2